Geography Quiz

Random Geography or City Quiz
Score 0/20 Timer 04:00
0 Plays Today
% Correct
Reykjavík
95.1%
Oslo
88.7%
Trondheim
88.5%
Västerås
85.4%
Stockholm
82.7%
Malmö
82.5%
Copenhagen
81.4%
Aalborg
81%
Helsinki
80.9%
Gothenburg
80.4%
% Correct
Lahti
76.7%
Oulu
71.2%
Stavanger
66%
Bergen
61.8%
Odense
61.5%
Turku
61.3%
Jyväskylä
57.5%
Uppsala
56.5%
Aarhus
45.6%
Tampere
44.1%
Come Together.
Have Fun.
All Virtual.
We all need to come together. Play Sporcle's virtual live trivia to have fun, connect with people, and get your trivia on. Join a live hosted trivia game for your favorite pub trivia experience done virtually. If a virtual private party is more your thing, go here for details.

You're not logged in!

Compare scores with friends on all Sporcle quizzes.
OR
Log In

Sporcle TV

Today on Sporcle TV


Watch our educational content, quiz creation guides, and fun videos on Sporcle TV.

Show Comments

Extras

Top Quizzes Today


Score Distribution

Paid Content

Your Account Isn't Verified!

In order to create a playlist on Sporcle, you need to verify the email address you used during registration. Go to your Sporcle Settings to finish the process.

Report this User

Report this user for behavior that violates our Community Guidelines.

Details: